Peach Pit - From 2 to 3 song quiz - Statistics

General Stats
  • This quiz has been taken 9 times
  • The average score is 9 of 11
Answer Stats
From 2 to 3 % Correct
Everything About You
100%
From 2 to 3
100%
Give Up Baby Go
100%
Up Granville
100%
2015
88%
Vickie
88%
Lips Like Yours
75%
Pepsi on the House
75%
Drips on a Wire
63%
Last Days of Lonesome
63%
Look Out!
63%
No matching quizzes found
Score Distribution
Percent of People with Each Score
Percentile by Number Answered
Your Score History
You have not taken this quiz